000 00371nam a2200145Ia 4500
008 210210b1976 xxu||||| |||| 00| 0 eng d
082 _a537 CROE
100 _aCROSS (R C)
245 _aElectricity & magnetism
260 _aAustralia
_bLongman Australia Pty Ltd
_c1976
300 _aiv,254
650 _aElectricity Magnetism
690 _aElectricity
906 _a039450
999 _c89508
_d89508